000 00320nam a2200121Ia 4500
008 191201s1998 xx 000 0 und d
100 _aFEYNMAN, Richard P
245 0 _aLecturer on Physics vol-III
260 _aN. delhi
_bNarosa Publication House
_c1998
300 _a1397--1820
650 _aApplied
942 _2ddc
_cBK
_01
999 _c6621
_d6621